Countries that congratulated Putin on the Russian 2024 election - Statistics

General Stats
  • This quiz has been taken 134 times
  • The average score is 34 of 51
Answer Stats
Hint Answer % Correct
6 Belarus
93%
14 China
93%
34 North Korea
93%
22 India
82%
23 Iran
82%
24 Kazakhstan
79%
38 Saudi Arabia
79%
36 Pakistan
78%
48 Venezuela
78%
2 Armenia
77%
41 Syria
77%
3 Azerbaijan
76%
18 Egypt
75%
44 Turkey
75%
45 Turkmenistan
75%
47 Uzbekistan
75%
50 Yemen
75%
35 Oman
74%
46 United Arab Emirates
74%
37 Qatar
73%
42 Tajikistan
73%
16 Cuba
71%
39 Serbia
71%
26 Kyrgyzstan
69%
33 Niger
69%
49 Vietnam
69%
1 Algeria
67%
4 Bahrain
67%
8 Brazil
67%
27 Laos
67%
17 Democratic Republic of the Congo
63%
25 Kuwait
63%
28 Libya
61%
31 Myanmar
61%
40 South Africa
61%
21 Hungary
59%
30 Morocco
59%
11 Cambodia
58%
51 Zimbabwe
56%
13 Chad
55%
29 Mali
55%
5 Bangladesh
54%
15 Congo
52%
19 Eritrea
52%
32 Nicaragua
50%
7 Bolivia
42%
43 Tanzania
42%
12 Central African Republic
40%
9 Burkina Faso
39%
10 Burundi
35%
20 Honduras
26%
No matching quizzes found
Score Distribution
Percent of People with Each Score
Percentile by Number Answered
Your Score History
You have not taken this quiz